00635 2200217 4500001002100000005001700021008004100038035002400079082001200103090002200115110003200137245008100169260004800250300001900298500002600317650002400343850001200367980001700379985000600396999001500402YOGYA-0209000004208120090227025832.0 ind  0010-020900000042081 a355.342 a355.342bInd RlQ aINDONESIA. Tentara Nasional aRencana umum TNI manunggal masuk desa tahun 2000cTentara Nasional Indonesia a[Jakarta]bTentara Nasional Indonesiac2000 a...bukuc29 cm aYang diterima : BK. 1 aAngkatan Bersenjata aYOPDYOG a19 Juli 2007 a1 a07A0023441